| 000 | 00375cam a2200145ua 4500 | ||
|---|---|---|---|
| 003 | OSt | ||
| 008 | 250823b |||||||| |||| 00| 0 eng d | ||
| 041 | _aeng | ||
| 082 |
_a628 _bKIE/EN |
||
| 100 |
_aKiely, Gerard . _97752 |
||
| 245 | _aEnvironmental engineering / | ||
| 260 |
_aNew Delhi : _bTata Mc-Graw Hill Publishing Company , _c2007. |
||
| 300 | _a874 ; . | ||
| 942 | _cBK | ||
| 999 |
_c13220 _d13220 |
||